000 00868cam a2200253 a 4500
001 17134067
003 OSt
005 20150408114142.0
008 120125s2013 njua 000 0 eng
020 _a9780133058017
040 _aDLC
_cDLC
_dDLC
082 0 0 _a621.3815
_223
_bBRE
100 1 _aBoylestad, Robert L.
245 1 0 _aElectronic devices and circuit theory /
_cRobert L. Boylestad, Louis Nashelsky.
250 _a11th ed.
260 _aUpper Saddle River, N.J. :
_bPearson Prentice Hall,
_cc2013.
300 _axviii, 906 p. :
_bill. ;
_c29 cm.
650 0 _aElectronic circuits
_95292
650 0 _aElectronic apparatus and appliances
700 1 _aNashelsky, Louis.
_95294
906 _a7
_bcbc
_corignew
_d1
_eecip
_f20
_gy-gencatlg
942 _2ddc
_cBOOK
999 _c31147
_d265647